000
00333nam a2200133Ia 4500
008
220204s9999 xx 000 0 und d
082
_a
338.5
_b
SPE
100
_a
SPEIGHT, H
245
0
_a
Economics: The science of prices and incomes
260
_a
London
_b
ELBS
_c
1968
650
_a
Demand theory
650
_a
Economics
942
_c
BK
999
_c
23497
_d
23497